Seis poemas de Hopkins /

Збережено в:
Бібліографічні деталі
Автор: Hopkins, Gerard Manley (autor)
Інші автори: Alonso, Dámaso (traducción) (traducción)
Формат: Книга
Мова:Іспанська
Предмети:
Теги: Додати тег
Немає тегів, Будьте першим, хто поставить тег для цього запису!

MARC

LEADER 00000nam^a2200000^a^4500
001 000153915
005 20250526000000.0
009 20260310100336.71
037 |a Acervo ITESO - Biblioteca 
041 |a ESP 
082 |a 821.  |b HOP 
100 |a Hopkins, Gerard Manley  |e (autor) 
245 1 0 |a Seis poemas de Hopkins /  |c G.M. Hopkins ; tr. y prelim. de D. Alonso. 
264 |a Monterrey, México :  |b Impresora del Norte,  |c 1949 
300 |a 40 p. ;  |c 14.5 cm. 
649 |a XX 
650 |a Poesía Inglesa 
650 |a Poesía Inglesa -  |x Historia y Crítica 
650 |a Literatura Inglesa -  |y Siglo XIX 
650 |a Literatura Inglesa -  |x Historia y Crítica 
650 |a Ensayos Españoles 
650 |a Literatura Española -  |y Siglo XX 
650 |a Hopkins, Gerard Manley 
700 |a Alonso, Dámaso  |e (traducción) 
910 |a Fondo Salvador Reynoso Reynoso 
920 |a Impresos - Libros 
930 |a Libros Antiguos y Raros 
940 |a Literatura 
905 |a 108 
901 |a 0800016130  |b IT2  |c LRA  |u 20250526 
902 |a https://opac.biblio.iteso.mx/vufind/Record/000153915